Lost in Piper's Park

Bibliographic Details
Main Author: Murray, William
Other Authors: Davis, Jon (illustrated)
Format: Book
Published: USA : Ladybird Books Ltd , 19__
Series:Read with me!
Subjects:

MARC

LEADER 00000cam a2200000 7i4500
001 0000008227
002 000008972
005 20000330.0
020 |a 0721413269 
090 0 0 |a JF   |b REA 
100 1 |a Murray, William 
245 1 0 |a Lost in Piper's Park   |c William Murray ; illustrated by Jon Davis 
260 |a USA :   |b Ladybird Books Ltd ,   |c 19__ 
300 |a 41p. :   |b ill. ;   |c 17cm. 
490 0 |a Read with me! 
650 0 0 |a Children's stories 
700 1 |a Davis, Jon ,   |e illustrated 
999 |a 021070   |b BUKU   |c PINJAMAN   |e PERPUSTAKAAN KOMUNITI PETALING JAYA 
999 |a 052627   |b BUKU   |c PINJAMAN   |e PERPUSTAKAAN KOMUNITI PETALING JAYA 
999 |a 052628   |b BUKU   |c PINJAMAN   |e PERPUSTAKAAN KOMUNITI PETALING JAYA 
999 |a 052629   |b BUKU   |c PINJAMAN   |e PERPUSTAKAAN KOMUNITI PETALING JAYA 
999 |a 055643   |b BUKU   |c PINJAMAN   |e PERPUSTAKAAN KOMUNITI PETALING JAYA